LEADER 01075nam a2200265 i 4500 001 991001704749707536 005 20020503152700.0 008 010315s1963 it ||| | fre 035 $ab10261126-39ule_inst 035 $aEXGIL90084$9ExL 040 $aBiblioteca Interfacoltà$bita 082 0 $a914.57504 100 1 $aLenormant, François$0459870 245 10$aA travers l'Apulie et la Lucanie /$cFrançois Lenormant 260 $aCosenza :$bCasa del libro Dott. Gustavo Brenner,$c1963 300 $a2 v. ;$c17 cm. 650 4$aPuglia - Descrizioni e viaggi 651 4$aBasilicata - Descrizioni e viaggi 907 $a.b10261126$b02-04-14$c27-06-02 912 $a991001704749707536 945 $aLE002 Sal. III E 12/I$cV. 1$g1$i2002000985439$lle002$o-$pE0.00$q-$rn$so $t0$u0$v0$w0$x0$y.i10311646$z27-06-02 945 $aLE002 Sal. III E 12/II$cV. 2$g1$i2002000985446$lle002$o-$pE0.00$q-$rn$so $t0$u0$v0$w0$x0$y.i10311658$z27-06-02 996 $aÀ travers l'Apulie et la Lucanie$951744 997 $aUNISALENTO 998 $ale002$b01-01-01$cm$da $e-$ffre$git $h0$i2 LEADER 00893nac# 22002051i 450 001 UON00065981 005 20231205102330.6 100 $a20020107f |0itac50 ba 102 $aFR 105 $a|||| ||||| 110 $ab|||||||||| 200 1 $aArabiyya 463 1$1001UON00070019$12001 $aˆLes ‰Arabes et l'Occident$eContacts et échanges$fPresentation de Simon Jargy$1205 $aGeneve: Labor et Fides$bc1982$1210 $a131 p.$a23 cm$1215 $aNel Front.: Université de Geneve. Faculté des Lettres$v4 463 1$1001UON00077321$12001 $aˆLe ‰défi du fondamentalisme islamique$eRegards sur l'occidentalisation$fHusayn Ahmad Amin$bet al.]$1210 $aGeneve$cLabor et fides$d1988$1215 $a117 p.$d23 cm$v9 620 $dGinevra$3UONL000101 712 $aLabor et Fides$3UONV257051$4650 801 $aIT$bSOL$c20240220$gRICA 912 $aUON00065981 996 $aArabiyya$91321784 997 $aUNIOR